| 000 | 00505nam a2200181 a 4500 | ||
|---|---|---|---|
| 001 | 2914 | ||
| 003 | CDMR | ||
| 005 | 20131021104505.0 | ||
| 008 | 130130s1969||||||||||||||||||||||||||||d | ||
| 040 |
_aCDMR _bcat _cCDMR |
||
| 100 | 1 |
_aArnold, Edmund C. _92140 |
|
| 245 | 1 | 0 |
_aModern newspaper design _cby Edmund C. Arnold |
| 260 |
_aNew York [etc.] _c1969 _bHarper & Row |
||
| 300 |
_a500 p. _c23 cm |
||
| 650 | 0 | 4 |
_91840 _aDiaris _xDisseny |
| 650 | 0 | 4 |
_93098 _aDiaris _xCompaginació i composició |
| 942 |
_cMON _2udc |
||
| 999 |
_c2914 _d2914 |
||